000 00629nam a2200217Ia 4500
005 20241129111138.0
008 241129s9999||||xx |||||||||||||| ||und||
020 _a978-1-032-46847-1
037 _aTB
040 _aCRL
_beng
_cCRL
041 _aeng
_2eng
084 _aY0aZ R2
_qCRL
100 _aKannabiran Kalpana Ed.
245 0 _aRoutledge readings on law and social justice: dispossessions marginalities rights
_cKannabiran Kalpana Ed.
260 _aLondon, UK
_bRoutledge
_c2022
300 _axv,380p.
365 _aINR
_b1595
650 _aSociology
942 _cTB
_hY0aZ R2
999 _c1229130
_d1229130